| 000 | 00590nam a2200229Ia 4500 | ||
|---|---|---|---|
| 008 | 210210b2007 xxu||||| |||| 00| 0 eng d | ||
| 020 | _a8173913641 | ||
| 041 | _aeng | ||
| 082 | _a338.4791 SHAT | ||
| 100 | _aSHARMA (J K) Ed | ||
| 245 | _aTourism and development: design for ecological sustainability | ||
| 260 |
_aNew Delhi _bKanishka Publishers & Distributors _c2007 |
||
| 300 | _aviii,334 | ||
| 650 | _aTourism | ||
| 650 | _asustainability | ||
| 650 | _afor | ||
| 650 | _aecological | ||
| 650 | _adevelopment: | ||
| 650 | _adesign | ||
| 690 | _aTourism | ||
| 906 | _a072422 | ||
| 999 |
_c122352 _d122352 |
||